000 00449nam a22001697a 4500
005 20251108164021.0
008 250721s1997 xx 000 0 ara d
082 1 4 _a814/سعا
100 1 _aسعادة، رضا
245 1 0 _aذكريات و حنين /
264 1 _a[د.م] :
_bدار المواسم،
_c1997.
300 _a204ص.
650 1 7 _aالمقالات الأدبية
650 1 7 _aالمذكرات
942 _2ddc
_cBK
999 _c1536
_d1536